Pays par population - 4 à la fois - Statistiques

Statistiques générales
  • Ce quiz a été pris 266 fois
  • Le résultat moyen est 20 sur 49
Statistiques - réponses
Rang Pays % Correct
1-4 Chine / Inde / Etats-Unis / Indonésie
100%
5-8 Pakistan / Brésil / Nigeria / Bangladesh
96%
9-12 Russie / Mexique / Japon / Ethiopie
95%
21-24 Royaume-Uni / France / Tanzanie / Italie
91%
17-20 Turquie / Iran / Allemagne / Thaïlande
89%
13-16 Philippines / Egypte / Viêt Nam / République démocratique du Congo
88%
29-32 Colombie / Ouganda / Espagne / Argentine
79%
25-28 Afrique du Sud / Kenya / Birmanie / Corée du Sud
75%
33-36 Soudan / Algérie / Ukraine / Irak
71%
37-40 Afghanistan / Canada / Pologne / Maroc
70%
41-44 Arabie saoudite / Ouzbékistan / Angola / Pérou
59%
45-48 Malaisie / Mozambique / Ghana / Yémen
49%
193-196 Palaos / Tuvalu / Nauru / Vatican
49%
53-56 Côte d'Ivoire / Corée du Nord / Australie / Niger
47%
189-192 Saint-Christophe-et-Niévès / Monaco / Liechtenstein / Saint-Marin
47%
49-52 Népal / Venezuela / Madagascar / Cameroun
46%
61-64 Malawi / Chili / Roumanie / Kazakhstan
41%
69-72 Sénégal / Pays-Bas / Cambodge / Tchad
40%
185-188 Seychelles / Andorre / Dominique / Îles Marshall
36%
57-60 Taïwan / Sri Lanka / Burkina Faso / Mali
36%
65-68 Zambie / Syrie / Guatemala / Equateur
34%
81-84 Belgique / Haïti / Soudan du Sud / Cuba
32%
181-184 Grenade / Saint-Vincent-et-les-Grenadines / Tonga / Antigua-et-Barbuda
31%
177-180 Samoa / Sainte-Lucie / Kiribati / Micronésie
31%
89-92 Azerbaïdjan / Portugal / Suède / Honduras
30%
77-80 Bénin / Burundi / Tunisie / Bolivie
30%
161-164 Guyana / Bhoutan / Salomon / Luxembourg
28%
173-176 Islande / Vanuatu / Barbade / São Tomé-et-Principe
28%
97-100 Papouasie Nouvelle-Guinée / Autriche / Israël / Suisse
28%
85-88 République dominicaine / République tchèque / Grèce / Jordanie
28%
73-76 Somalie / Zimbabwe / Guinée / Rwanda
28%
169-172 Malte / Brunei / Belize / Bahamas
27%
93-96 Emirats Arabes Unis / Tadjikistan / Hongrie / Biélorussie
25%
157-160 Eswatini / Djibouti / Fidji / Comores
24%
153-156 Timor oriental / Estonie / Maurice / Chypre
24%
149-152 Lettonie / Bahreïn / Guinée équatoriale / Trinité-et-Tobago
23%
165-168 Monténégro / Suriname / Cap-Vert / Maldives
23%
117-120 Norvège / Slovaquie / Oman / Liberia
23%
105-108 Paraguay / Libye / Bulgarie / Liban
23%
101-104 Serbie / Togo / Sierra Leone / Laos
22%
113-116 Singapour / Danemark / République du Congo / Finlande
22%
145-148 Macédoine du Nord / Slovénie / Guinée-Bissau / Kosovo
20%
137-140 Qatar / Albanie / Lituanie / Namibie
20%
125-128 Mauritanie / Panama / Koweït / Croatie
19%
129-132 Moldavie / Géorgie / Erythrée / Uruguay
18%
133-136 Mongolie / Bosnie-Herzégovine / Jamaïque / Arménie
18%
109-112 Nicaragua / Kirghizistan / Salvador / Turkménistan
17%
121-124 Costa Rica / Irlande / République centrafricaine / Nouvelle-Zélande
16%
141-144 Gambie / Botswana / Gabon / Lesotho
16%
Aucun quiz correspondant
Distribution des résultats
% des personnes avec chaque résultat
Percentile par nombre de réponses
Votre historique - résultats
Vous n’avez pas pris ce quiz